| Tag |
First Indicator |
Second Indicator |
Subfields |
| LEADER |
00000cam a2200000 a 4500 |
| 001 |
in00000092001 |
| 005 |
20151008064119.0 |
| 008 |
780926s1979 inu b 00110 engm |
| 010 |
|
|
|a 77015439
|
| 019 |
|
|
|a 4738248
|a 5150249
|
| 020 |
|
|
|a 0672523027
|
| 035 |
|
|
|a (OCoLC)04504227
|
| 035 |
|
|
|9 AAK3553AM
|
| 040 |
|
|
|a DLC
|c DLC
|d WQM
|d TXA
|d UtOrBLW
|
| 049 |
|
|
|a TXAM
|c [1387523]
|
| 050 |
0 |
0 |
|a RB155
|b .G76
|
| 082 |
0 |
|
|a 616/.042
|
| 096 |
|
|
|a QZ 50 G798y 1979
|
| 100 |
1 |
|
|a Greenblatt, Augusta.
|
| 245 |
1 |
0 |
|a Your genes and your destiny :
|b a new look at a longer life when heart disease, high blood pressure, diabetes or obesity is a family affair /
|c by Augusta Greenblatt and I.J. Greenblatt ; with a foreword by Arno G. Motulsky.
|
| 264 |
|
1 |
|a Indianapolis :
|b Bobbs-Merrill,
|c [1979]
|
| 264 |
|
4 |
|c ©1979
|
| 300 |
|
|
|a xiv, 226 pages ;
|c 22 cm.
|
| 336 |
|
|
|a text
|b txt
|2 rdacontent
|
| 337 |
|
|
|a unmediated
|b n
|2 rdamedia
|
| 338 |
|
|
|a volume
|b nc
|2 rdacarrier
|
| 500 |
|
|
|a Includes index.
|
| 504 |
|
|
|a Bibliography: pages 208-209.
|
| 650 |
|
0 |
|a Medical genetics.
|
| 650 |
|
0 |
|a Environmentally induced diseases.
|
| 650 |
|
2 |
|a Genetics, Medical
|x popular works.
|
| 700 |
1 |
|
|a Greenblatt, Irving Jules,
|d 1912-
|
| 999 |
|
|
|a MARS
|
| 999 |
f |
f |
|s 5e43f011-5509-331e-81a2-f1b8356b4f4a
|i 8c2ffed5-0a63-33dc-9c02-a5ff5c465a46
|t 0
|
| 952 |
f |
f |
|p ric
|a Texas A&M University
|b Rellis Campus
|c Joint Library Facility
|d Remote Storage
|t 0
|e RB155 .G76
|h Library of Congress classification
|i unmediated -- volume
|m A14825523436
|
| 998 |
f |
f |
|a RB155 .G76
|t 0
|l Remote Storage
|